000 01340aam a2200301 i 4500
999 _c47122
_d47122
001 768714001
003 CO-MdFUSB
005 20200527181024.0
007 ta
008 160829t2010 enka|||| |||| 00| 0 eng d
020 _a9780281058273
040 _aCO-MdFUSB
_bEspañol
_cCO-MdFUSB
_dCO-MdFUSB
_erda
041 _aeng
082 _224
_aG 241
_bB877t
100 1 _aBrown, Malcolm
_eautor
245 1 0 _aTensions in Christian ethics :
_ban introduction
_c/ Malcolm Brown
264 1 _aLondres :
_bSPCK,
_c[2010]
264 4 _c© 2010
300 _a 259 páginas
_c; 24 cm
336 _2rdacontent
_atexto
_btxt
337 _2rdamedia
_asin mediación
_bn
338 _2rdacarrier
_avolumen
_bnc
505 _aLa ética y la ética cristiana -- El uso de la Biblia en la ética cristiana -- Raíces del pensamiento cristiano sobre la ética -- Modernidad, pluralidad y sus consecuencias -- La tradición social cristiana -- Ética y eclesiología -- La posibilidad de una teología pública -- De la meta-ética a casos concretos -- El principio y el fin de la vida -- La economía del mercado -- El sexo y la sexualidad -- Haciendo la guerra y la paz -- Los derechos humanos y Dios -- ¿La próxima etapa en el camino de la ética cristiana?
563 _aRústico
942 _cBK
945 _aJTF-925